[Event "13. Lichtenberger Sommer"]
[Site "?"]
[Date "2014.08.23"]
[Round "8.12"]
[White "Petersen, Soren Boeck"]
[Black "Schulz, Olaf"]
[Result "1-0"]
[WhiteElo "2256"]
[BlackElo "2029"]
[PlyCount "81"]
[EventDate "2014.??.??"]
[WhiteTeam "Damhus Skakklub"]
[BlackTeam "SC Rotation Pankow e.V."]

1. e4 c6 2. d4 d5 3. Nc3 dxe4 4. Nxe4 Bf5 5. Ng3 Bg6 6. h4 h6 7. Nf3 Nd7 8. h5
Bh7 9. Bd3 Bxd3 10. Qxd3 e6 11. Bf4 Qa5+ 12. Bd2 Bb4 13. c3 Be7 14. O-O Ngf6
15. c4 Qc7 16. Rfe1 Rd8 17. Qe2 O-O 18. Rad1 c5 19. Bc3 Bd6 20. Ne4 Nxe4 21.
Qxe4 Nf6 22. Qh4 Be7 23. dxc5 Qxc5 24. Ne5 Nd5 25. Bd4 Qa5 26. Qg3 Nf6 27. Bc3
Qc7 28. Ng6 Bd6 29. Rxd6 Qxd6 30. Qxd6 Rxd6 31. Nxf8 Kxf8 32. Bb4 Ke7 33. Rd1
Ne8 34. Rd3 b6 35. Kf1 Kd7 36. Bxd6 Nxd6 37. b4 Ke7 38. c5 bxc5 39. bxc5 Nc8
40. c6 g6 41. c7 1-0

[Event "13. Lichtenberger Sommer"]
[Site "?"]
[Date "2014.08.23"]
[Round "8.13"]
[White "Rietze, Clemens"]
[Black "Jaeschke, Jens-Uwe"]
[Result "0-1"]
[WhiteElo "2274"]
[BlackElo "2130"]
[PlyCount "60"]
[EventDate "2014.??.??"]
[WhiteTeam "USV Potsdam e.V., Abt. Schach"]
[BlackTeam "Sfr.Nord-Ost Berlin"]

1. d4 d5 2. c4 c6 3. Nf3 Nf6 4. Nc3 e6 5. e3 Nbd7 6. Qc2 Bd6 7. Be2 O-O 8. O-O
dxc4 9. Bxc4 b5 10. Bd3 Bb7 11. e4 e5 12. dxe5 Nxe5 13. Nxe5 Bxe5 14. h3 Qe7
15. f4 Bd4+ 16. Kh1 h5 17. e5 Ng4 18. g3 Nh6 19. Qe2 Rad8 20. Ne4 h4 21. g4 c5
22. Kg2 c4 23. Bc2 Rfe8 24. g5 Nf5 25. Qg4 Bxe4+ 26. Bxe4 Ng3 27. Bh7+ Kf8 28.
Rf3 g6 29. Rxg3 hxg3 30. Kxg3 Qb4 0-1

[Event "13. Lichtenberger Sommer"]
[Site "?"]
[Date "2014.08.23"]
[Round "8.14"]
[White "Zschäbitz, Klaus"]
[Black "Tonndorf, Matthias"]
[Result "1-0"]
[WhiteElo "2064"]
[BlackElo "2263"]
[PlyCount "131"]
[EventDate "2014.??.??"]
[WhiteTeam "BSG 1827 Eckbauer e.V."]
[BlackTeam "SV Caissa Wolfenbüttel"]

1. Nf3 c5 2. c4 b6 3. g3 Bb7 4. Bg2 Nf6 5. O-O e6 6. Nc3 Be7 7. d4 cxd4 8. Qxd4
O-O 9. b3 d6 10. Rd1 Nbd7 11. Ba3 Nc5 12. Ne1 Bxg2 13. Nxg2 a6 14. Rac1 Qc7 15.
Qf4 Qb7 16. Ne1 Rfd8 17. Bxc5 bxc5 18. Rd3 Nd7 19. Nf3 Nf8 20. Rcd1 Rd7 21. h4
h6 22. Qe4 Qxe4 23. Nxe4 Rad8 24. Nc3 f5 25. e4 fxe4 26. Nxe4 Kf7 27. Nc3 Ke8
28. Kg2 Bf6 29. Ne4 Be7 30. R3d2 d5 31. Nc3 dxc4 32. bxc4 Bf6 33. Rxd7 Rxd7 34.
Rxd7 Kxd7 35. Ne4 Kc6 36. Nfd2 Bd4 37. Kf3 Nd7 38. Ke2 Kb6 39. f3 Ne5 40. f4
Nd7 41. Kd3 Nb8 42. Nb3 Bg1 43. h5 Nc6 44. a3 Na5 45. Nxa5 Kxa5 46. Kc2 Ka4 47.
Kb2 Bd4+ 48. Ka2 Be3 49. Nd6 Ka5 50. Nb7+ Kb6 51. Nd8 Ka5 52. Nb7+ Kb6 53. Nd8
Bf2 54. g4 Bg3 55. Nxe6 Kc6 56. f5 Kd6 57. Nxg7 Be5 58. Ne6 Bf6 59. Kb3 Ba1 60.
Kc2 Bf6 61. Kd3 Bb2 62. a4 Ke5 63. Nxc5 Kf4 64. Nxa6 Kxg4 65. Ke4 Kxh5 66. c5
1-0

[Event "13. Lichtenberger Sommer"]
[Site "?"]
[Date "2014.08.23"]
[Round "8.15"]
[White "Schneider, Christian"]
[Black "Amelang, Thomas"]
[Result "1/2-1/2"]
[WhiteElo "2211"]
[BlackElo "2109"]
[PlyCount "108"]
[EventDate "2014.??.??"]
[WhiteTeam "SG Blau-Weiß Stadtilm"]
[BlackTeam "SK Siemens München"]

1. e4 g6 2. d4 Bg7 3. Nc3 d6 4. f4 Nf6 5. Nf3 c6 6. Bd3 b5 7. e5 dxe5 8. fxe5
Nd5 9. Nxd5 Qxd5 10. Qe2 Bg4 11. Be4 Qd7 12. Be3 a5 13. O-O O-O 14. h3 Bxf3 15.
Qxf3 f5 16. exf6 Rxf6 17. Qe2 Re6 18. Qd3 Rd6 19. Qb3+ Qe6 20. Bf3 Na6 21.
Qxe6+ Rxe6 22. Bf2 Nb4 23. c3 Nd5 24. Rae1 Rxe1 25. Rxe1 Kf7 26. Bg4 Rd8 27.
Bh4 Bf6 28. Bxf6 Nxf6 29. Be6+ Kf8 30. g4 g5 31. Re5 h6 32. Kf2 Rd6 33. Kf3 Ke8
34. Bb3 Kd7 35. a4 bxa4 36. Bxa4 Rd5 37. Rxd5+ Nxd5 38. Ke4 Nf4 39. h4 e6 40.
hxg5 hxg5 41. c4 Kd6 42. c5+ Kd7 43. Ke5 Ke7 44. Ke4 Kd7 45. Bb3 Ke7 46. Bc2
Nd5 47. Bd1 Nb4 48. Bb3 Kf6 49. Bc4 Nd5 50. Bxd5 cxd5+ 51. Kd3 e5 52. dxe5+
Kxe5 53. b3 d4 54. Kc4 Ke4 1/2-1/2

[Event "13. Lichtenberger Sommer"]
[Site "?"]
[Date "2014.08.23"]
[Round "8.16"]
[White "Deutschbein, Christopher"]
[Black "Kapp, Martin"]
[Result "1/2-1/2"]
[WhiteElo "1984"]
[BlackElo "2201"]
[PlyCount "45"]
[EventDate "2014.??.??"]
[WhiteTeam "Bille SC von 1924 e.V."]
[BlackTeam "Schachverein Erzgebirge Stollber"]

1. e4 e6 2. d4 d5 3. Nd2 Nf6 4. e5 Nfd7 5. Bd3 c5 6. c3 Nc6 7. Ne2 cxd4 8. cxd4
f6 9. exf6 Nxf6 10. O-O Bd6 11. Nf3 O-O 12. Bf4 Bxf4 13. Nxf4 Ne4 14. Qc1 Ng5
15. Nxg5 Qxg5 16. Bxh7+ Kxh7 17. Nxe6 Qxc1 18. Nxf8+ Kg8 19. Raxc1 Kxf8 20.
Rfe1 Kf7 21. Re3 g6 22. Rc5 Be6 23. Rb3 1/2-1/2

[Event "13. Lichtenberger Sommer"]
[Site "?"]
[Date "2014.08.23"]
[Round "8.17"]
[White "Richter, Götz"]
[Black "Wiebe, Patrick"]
[Result "0-1"]
[WhiteElo "2028"]
[BlackElo "2176"]
[PlyCount "46"]
[EventDate "2014.??.??"]
[WhiteTeam "Klub Kölner Schachfreunde e.V. 1"]
[BlackTeam "SK Nordhorn-Blanke"]

1. e4 e6 2. d4 d5 3. Nc3 Bb4 4. Nge2 Nc6 5. e5 f6 6. exf6 Nxf6 7. a3 Bd6 8. f4
O-O 9. g3 Ne7 10. Be3 b6 11. Bh3 Nf5 12. Bf2 c5 13. Qd2 h5 14. Bg2 Ba6 15.
O-O-O c4 16. h3 b5 17. Qe1 b4 18. axb4 Bxb4 19. Qg1 Qa5 20. g4 Nd6 21. Nb1 c3
22. Nexc3 Bxc3 23. Nxc3 Nc4 0-1

[Event "13. Lichtenberger Sommer"]
[Site "?"]
[Date "2014.08.23"]
[Round "8.19"]
[White "Möller, Dustin"]
[Black "Rohde, Wolfgang"]
[Result "1-0"]
[WhiteElo "1819"]
[BlackElo "2162"]
[PlyCount "101"]
[EventDate "2014.??.??"]
[WhiteTeam "Eckernförder SC von 1921"]
[BlackTeam "SC Friesen Lichtenberg e.V."]

1. d4 c5 2. d5 e5 3. c4 d6 4. Nc3 Be7 5. e4 Nf6 6. Be2 O-O 7. f4 exf4 8. Bxf4
Nbd7 9. Nh3 Ne8 10. O-O Bf6 11. Be3 Ne5 12. Nf4 Bg5 13. b3 Qf6 14. h4 Bh6 15.
Qe1 Ng6 16. g3 Bh3 17. Rf2 Nxf4 18. Bxf4 Bxf4 19. Rxf4 Qd4+ 20. Kh2 Bd7 21. Rd1
Qe5 22. Rd3 Nf6 23. Rdf3 Ng4+ 24. Kh1 h5 25. Nd1 Qa1 26. Qf1 Rae8 27. Nc3 Qb2
28. Qb1 Qxb1+ 29. Nxb1 f5 30. Nc3 g6 31. Kg2 Re5 32. Bd3 Rfe8 33. exf5 gxf5 34.
a4 Kg7 35. Nb5 Bxb5 36. axb5 Kg6 37. Bxf5+ Rxf5 38. Rxf5 Ne3+ 39. Rxe3 Rxe3 40.
Rg5+ Kh6 41. Rg8 Rxb3 42. Rd8 Kg6 43. Rxd6+ Kf5 44. Rh6 a5 45. bxa6 bxa6 46.
Rxa6 Rb4 47. Rh6 Rxc4 48. Rxh5+ Ke4 49. d6 Rc2+ 50. Kh3 c4 51. Rd5 1-0

[Event "13. Lichtenberger Sommer"]
[Site "?"]
[Date "2014.08.23"]
[Round "8.20"]
[White "Keil, Uwe"]
[Black "Stets, Dmitry"]
[Result "0-1"]
[WhiteElo "2132"]
[BlackElo "2419"]
[PlyCount "52"]
[EventDate "2014.??.??"]
[WhiteTeam "SC Friesen Lichtenberg e.V."]
[BlackTeam "Schachfreunde Gerresheim 86 e.V."]

1. e4 g6 2. d4 Bg7 3. c4 d6 4. Nc3 Nf6 5. g3 O-O 6. Bg2 e5 7. d5 Nbd7 8. Nf3
Nc5 9. Qc2 a5 10. O-O b6 11. h3 Nh5 12. Bg5 f6 13. Be3 f5 14. Bg5 Qe8 15. Kh2
Bd7 16. Rae1 Qf7 17. b3 h6 18. Bc1 Nf6 19. Nd2 h5 20. Nf3 Nh7 21. Ng5 Nxg5 22.
Bxg5 f4 23. Bf3 Bf6 24. Bh6 Rfe8 25. gxf4 Kh7 26. Qc1 Nd3 0-1

[Event "13. Lichtenberger Sommer"]
[Site "?"]
[Date "2014.08.23"]
[Round "8.21"]
[White "Issel, Oliver"]
[Black "Vogel, Robert"]
[Result "1/2-1/2"]
[WhiteElo "2071"]
[BlackElo "2262"]
[PlyCount "51"]
[EventDate "2014.??.??"]
[BlackTeam "SG Pang-Rosenheim 1910 e.V."]

1. c4 e5 2. g3 Nc6 3. Nc3 Bc5 4. e3 a6 5. a3 d6 6. d3 Ba7 7. b4 f5 8. Nge2 Nf6
9. Bg2 O-O 10. O-O g5 11. Bb2 f4 12. d4 Ng4 13. Bd5+ Kg7 14. exf4 gxf4 15. Ne4
fxg3 16. hxg3 Ne7 17. dxe5 dxe5 18. Nf4 Rxf4 19. gxf4 Nxd5 20. Qxd5 Qh4 21.
Bxe5+ Kh6 22. f5 Bxf5 23. Bf4+ Kg6 24. Nc5 Nf6 25. Qg2+ Kf7 26. Bg3 1/2-1/2

[Event "13. Lichtenberger Sommer"]
[Site "?"]
[Date "2014.08.23"]
[Round "8.22"]
[White "Reichenbach, Werner"]
[Black "Wörz, Markus"]
[Result "1-0"]
[WhiteElo "2258"]
[BlackElo "1949"]
[PlyCount "107"]
[EventDate "2014.??.??"]
[WhiteTeam "SK Zehlendorf e.V."]
[BlackTeam "SC Kreuzberg e.V."]

1. c4 Nf6 2. Nc3 e6 3. e4 d5 4. e5 d4 5. exf6 dxc3 6. bxc3 Qxf6 7. d4 b6 8. Nf3
Bb7 9. Be2 Bd6 10. O-O O-O 11. Rb1 h6 12. Re1 Nd7 13. Qa4 Rfd8 14. c5 Bxc5 15.
dxc5 Qxc3 16. Bb2 Qxc5 17. Red1 Qe7 18. Qd4 f6 19. Qe3 e5 20. Ba3 c5 21. Nh4
Qe6 22. f4 Qxa2 23. Bg4 Nf8 24. fxe5 fxe5 25. Qg3 Rd2 26. Rxd2 Qxd2 27. Nf5 Qf4
28. Bb2 Rd8 29. Bxe5 Qxg3 30. hxg3 Rd2 31. Bh3 Ne6 32. Nxh6+ gxh6 33. Bxe6+ Kf8
34. Bh3 h5 35. Bf4 Ra2 36. Rd1 Be4 37. Be5 c4 38. Rd8+ Ke7 39. Rd7+ Ke8 40. Rc7
Bd5 41. Bd6 a6 42. Kf1 b5 43. Ke1 Rb2 44. Rc5 Bg8 45. Kd1 a5 46. Kc1 Rb3 47.
Rc8+ Kf7 48. Be5 Ra3 49. Kd2 b4 50. Rxc4 b3 51. Rc7+ Ke8 52. Bb2 Ra2 53. Kc1
Ra4 54. Bd7+ 1-0

[Event "13. Lichtenberger Sommer"]
[Site "?"]
[Date "2014.08.23"]
[Round "8.23"]
[White "Kornrumpf, Joachim"]
[Black "Zur, Jan"]
[Result "1/2-1/2"]
[WhiteElo "2061"]
[BlackElo "2088"]
[PlyCount "163"]
[EventDate "2014.??.??"]
[WhiteTeam "Preetzer TSV"]
[BlackTeam "SC Zugzwang 95 e.V."]

1. Nf3 d5 2. b3 Nf6 3. Bb2 Bf5 4. e3 e6 5. d4 Nbd7 6. Bd3 Ne4 7. O-O Bd6 8.
Nbd2 O-O 9. Ne5 c6 10. Nxd7 Qxd7 11. Nf3 Bg4 12. Ne5 Bxe5 13. Qxg4 f5 14. Qe2
Bc7 15. f3 Nf6 16. Qf2 Rae8 17. Qh4 e5 18. Rae1 e4 19. fxe4 Nxe4 20. Rf3 Rf6
21. Bxe4 Rxe4 22. Qf2 g6 23. Bc3 Qe7 24. a4 Rfe6 25. g3 Bb6 26. Kf1 c5 27. a5
Bc7 28. Bd2 Qd8 29. dxc5 Bxa5 30. c3 Qf6 31. b4 Bc7 32. Qe2 Rc4 33. Qd3 Qe5 34.
Rf4 Re4 35. Rxe4 fxe4 36. Qe2 Qf6+ 37. Kg2 Ra6 38. Rf1 Qg7 39. Qb5 Rf6 40. Rxf6
Qxf6 41. Qe2 a6 42. Be1 Qf7 43. Qg4 Qf5 44. Qe2 h5 45. c4 Kh7 46. cxd5 Qxd5 47.
Qf2 Qf5 48. Qe2 Bd8 49. Bc3 Be7 50. Qd1 Bg5 51. Qe2 Bh6 52. h3 a5 53. bxa5 Qxc5
54. Qb2 Qd5 55. Bd4 Qf7 56. Qe2 Bf8 57. g4 h4 58. Qf2 Qxf2+ 59. Kxf2 Bb4 60.
Bb6 Kg7 61. Ke2 Kf7 62. Kd1 Ke6 63. Kc2 Kd5 64. Kb3 Be1 65. Bd8 Kc5 66. Be7+
Kb5 67. Bd8 Bd2 68. Bxh4 Bxe3 69. Be1 g5 70. h4 gxh4 71. Bxh4 Bc5 72. Bf6 Bb4
73. Bc3 Bf8 74. g5 e3 75. Kc2 Kc4 76. g6 e2 77. Be1 Bh6 78. Bd2 Bg7 79. Be1 Bh6
80. Bd2 Bg7 81. Be1 Bh6 82. Bd2 1/2-1/2

[Event "13. Lichtenberger Sommer"]
[Site "?"]
[Date "2014.08.23"]
[Round "8.24"]
[White "Krefenstein, Sergej"]
[Black "Meyer, Ulrich"]
[Result "1-0"]
[WhiteElo "2094"]
[BlackElo "2007"]
[PlyCount "105"]
[EventDate "2014.??.??"]
[WhiteTeam "TuS Makkabi Berlin e.V."]
[BlackTeam "Schachklub Münster 32 e.V."]

1. d4 Nf6 2. c4 c5 3. d5 b5 4. cxb5 a6 5. bxa6 Bxa6 6. b3 d6 7. g3 g6 8. Bg2
Bg7 9. Bb2 Nbd7 10. Nh3 O-O 11. O-O Qb6 12. Qd2 Rfb8 13. Bc3 Qb5 14. Re1 Ne8
15. Bxg7 Nxg7 16. Nc3 Qa5 17. Ne4 Qa3 18. Nhg5 h6 19. Bh3 f5 20. Ne6 Kh7 21.
Nc3 Nxe6 22. dxe6 Nf6 23. e4 fxe4 24. Nxe4 Nxe4 25. Rxe4 Rb4 26. Rxb4 Qxb4 27.
Qb2 Bb7 28. Qe2 Qe4 29. Qxe4 Bxe4 30. Re1 Bd5 31. Re2 c4 32. bxc4 Bxc4 33. Rc2
d5 34. Bf1 Rxa2 35. Rc1 Bxf1 36. Kxf1 Ra6 37. Rc7 Kg7 38. Rxe7+ Kf6 39. Rh7 h5
40. e7 Re6 41. Kg2 Rxe7 42. Rxe7 Kxe7 43. Kf3 Kf6 44. Ke3 Ke5 45. f4+ Kf5 46.
h3 d4+ 47. Kf3 d3 48. g4+ hxg4+ 49. hxg4+ Ke6 50. Ke3 Ke7 51. Kxd3 Kd7 52. Ke4
Ke6 53. g5 1-0

[Event "13. Lichtenberger Sommer"]
[Site "?"]
[Date "2014.08.23"]
[Round "8.25"]
[White "Stiemerling, Wilfried"]
[Black "Baranowsky, Peter"]
[Result "1-0"]
[WhiteElo "2134"]
[BlackElo "1978"]
[PlyCount "73"]
[EventDate "2014.??.??"]
[WhiteTeam "BSG Pneumant Fürstenwalde e.V."]
[BlackTeam "Sfrd. Berlin 1903 e.V."]

1. d4 d5 2. c4 e6 3. Nc3 c6 4. e3 Nf6 5. Nf3 Nbd7 6. Qc2 dxc4 7. Bxc4 Bd6 8.
O-O O-O 9. e4 e5 10. h3 Qe7 11. Re1 exd4 12. Nxd4 Ne5 13. Bf1 h6 14. Be3 Bc5
15. Nb3 Bxe3 16. Rxe3 Be6 17. Nd4 Rfd8 18. Rd1 Nc4 19. Ree1 Qb4 20. Nxe6 fxe6
21. Na4 Nd2 22. a3 Qd4 23. Nc5 Kf7 24. e5 b6 25. Nb7 Nfe4 26. Nxd8+ Rxd8 27.
Rxe4 Nf3+ 28. gxf3 Qxd1 29. Qxd1 Rxd1 30. Rc4 c5 31. Rc3 Rd2 32. b3 Rd5 33. Re3
Kg6 34. Bc4 Rd1+ 35. Kg2 Kf5 36. h4 h5 37. Bd3+ 1-0

[Event "13. Lichtenberger Sommer"]
[Site "?"]
[Date "2014.08.23"]
[Round "8.26"]
[White "Mai, Andreas"]
[Black "Stark, Ingo"]
[Result "1/2-1/2"]
[WhiteElo "1998"]
[BlackElo "2134"]
[PlyCount "83"]
[EventDate "2014.??.??"]
[WhiteTeam "SC Friesen Lichtenberg e.V."]
[BlackTeam "TSG Oberschöneweide e.V."]

1. e4 c5 2. Nf3 d6 3. Bc4 e6 4. d4 cxd4 5. Nxd4 Nf6 6. Nc3 a6 7. a4 Be7 8. O-O
Nc6 9. Kh1 O-O 10. f4 Qc7 11. Be2 Bd7 12. Be3 Rac8 13. Nb3 Na5 14. Nxa5 Qxa5
15. e5 dxe5 16. fxe5 Qxe5 17. Bd4 Qc7 18. Bxf6 Bxf6 19. Bd3 Bxc3 20. bxc3 Qxc3
21. Bxh7+ Kxh7 22. Qxd7 Rc7 23. Qd6 Qc5 24. Qd3+ g6 25. Rac1 Kg7 26. c4 b5 27.
axb5 axb5 28. Rf4 Qg5 29. Rcf1 Rd8 30. Qe2 e5 31. Rg4 Rd2 32. Qf3 Qe7 33. cxb5
Rb2 34. Qh3 Rb4 35. Rxb4 Qxb4 36. Qd3 e4 37. Qd5 Re7 38. Qg5 e3 39. Qf6+ Kg8
40. Ra1 Ra7 41. Rc1 Kh7 42. h3 1/2-1/2

[Event "13. Lichtenberger Sommer"]
[Site "?"]
[Date "2014.08.23"]
[Round "8.27"]
[White "Tscheuschner, Georg"]
[Black "Scheide, Helmut"]
[Result "1/2-1/2"]
[WhiteElo "1967"]
[BlackElo "1947"]
[PlyCount "45"]
[EventDate "2014.??.??"]
[WhiteTeam "SV Mattnetz Berlin e.V."]
[BlackTeam "USV Potsdam e.V., Abt. Schach"]

1. c4 Nf6 2. Nc3 e6 3. Nf3 d5 4. cxd5 exd5 5. d4 c6 6. Bg5 Nbd7 7. e3 Bb4 8.
Bd3 O-O 9. O-O Re8 10. Qc2 h6 11. Bh4 Be7 12. Rab1 Nh5 13. Bxe7 Qxe7 14. b4
Nhf6 15. b5 c5 16. dxc5 Nxc5 17. Rfc1 Nxd3 18. Qxd3 Be6 19. a4 Rac8 20. Rc2 Qa3
21. Qd2 Rc4 22. Qc1 Qxc1+ 23. Rbxc1 1/2-1/2

[Event "13. Lichtenberger Sommer"]
[Site "?"]
[Date "2014.08.23"]
[Round "8.28"]
[White "Korell, Klaus-Peter"]
[Black "Wecker, Martin"]
[Result "1/2-1/2"]
[WhiteElo "1901"]
[BlackElo "2049"]
[PlyCount "154"]
[EventDate "2014.??.??"]
[WhiteTeam "SG TT/Wiheil"]
[BlackTeam "Godesberger Schachklub 1929 e.V."]

1. d4 Nf6 2. c4 c5 3. d5 b5 4. cxb5 a6 5. bxa6 g6 6. Nc3 Bxa6 7. e4 Bxf1 8.
Kxf1 d6 9. Nf3 Bg7 10. g3 Nbd7 11. Kg2 O-O 12. Qe2 Qa5 13. a4 Rfb8 14. Qc2 Qb4
15. Ra3 Ng4 16. Nd2 Nb6 17. Rb3 Qd4 18. Nf3 Qc4 19. Nd2 Qa6 20. Ndb1 Ne5 21.
Bg5 Kf8 22. Nd2 Nbc4 23. Rxb8+ Rxb8 24. Rb1 Rb4 25. Nxc4 Nxc4 26. Bc1 Ne5 27.
b3 Qd3 28. Qxd3 Nxd3 29. Bd2 c4 30. a5 cxb3 31. a6 Bd4 32. Ne2 Ra4 33. Nxd4
Rxd4 34. Bc3 Ra4 35. Rxb3 f6 36. Bxf6 exf6 37. Rxd3 Rxa6 38. g4 Ra4 39. f3 Kf7
40. Rc3 Ra7 41. Rc6 Ke7 42. Rc8 f5 43. gxf5 gxf5 44. Rh8 Ra2+ 45. Kh3 fxe4 46.
Rxh7+ Kf6 47. fxe4 Ke5 48. Re7+ Kf4 49. Re6 Ra3+ 50. Kh4 Ra8 51. Kh5 Rh8+ 52.
Rh6 Rd8 53. Re6 Rh8+ 54. Kg6 Rxh2 55. Kf7 Rh7+ 56. Ke8 Ra7 57. Re7 Ra4 58. Kd7
Ra6 59. Re6 Ke3 60. e5 Ra7+ 61. Kxd6 Kd4 62. Rf6 Ra6+ 63. Kc7 Ra7+ 64. Kb6 Ra1
65. Kc6 Kxe5 66. Re6+ Kf5 67. Re2 Kf6 68. d6 Kf7 69. Kc7 Ra7+ 70. Kb6 Ra1 71.
Kc7 Ra7+ 72. Kc8 Ra8+ 73. Kb7 Ra1 74. d7 Rd1 75. Kc7 Rc1+ 76. Kd8 Kf8 77. Rf2+
Kg7 1/2-1/2

[Event "13. Lichtenberger Sommer"]
[Site "?"]
[Date "2014.08.23"]
[Round "8.29"]
[White "Bonke, Hans-Jürgen"]
[Black "Plump, Detlef"]
[Result "0-1"]
[WhiteElo "1951"]
[BlackElo "2228"]
[PlyCount "110"]
[EventDate "2014.??.??"]
[WhiteTeam "SC Kreuzberg e.V."]

1. d4 Nf6 2. Nf3 e6 3. Bf4 d5 4. e3 Bd6 5. Bd3 b6 6. Nbd2 Bb7 7. O-O c5 8. Ne5
O-O 9. c3 Qc7 10. Bg3 Nc6 11. f4 g6 12. Bh4 Ne8 13. Rf3 f6 14. Nxg6 hxg6 15.
Bxg6 Ng7 16. Qb1 f5 17. Bg5 Ne7 18. Bxe7 Bxe7 19. Rg3 Bh4 20. Rh3 Rf6 21. Bh7+
Kxh7 22. Rxh4+ Rh6 23. Qe1 Nh5 24. Nf3 Qe7 25. Ng5+ Kg7 26. g3 Rah8 27. Nf3 Nf6
28. Rxh6 Rxh6 29. Rd1 Bc6 30. h4 Be8 31. Rd2 Ne4 32. Rg2 Bh5 33. Ne5 Rh8 34.
Qf1 Rg8 35. Nf3 Bxf3 36. Qxf3 Kh6 37. Kh1 Qg7 38. Kh2 Qg4 39. Qxg4 fxg4 40. Rc2
Rc8 41. a3 Kg6 42. Kg2 Kf5 43. Rc1 Nf6 44. Rg1 Ke4 45. Rf1 Nh5 46. Kf2 Ng7 47.
Re1 Nf5 48. Re2 c4 49. Re1 b5 50. Re2 a5 51. Re1 Rb8 52. Rb1 b4 53. cxb4 axb4
54. a4 Ra8 55. b3 cxb3 0-1

[Event "13. Lichtenberger Sommer"]
[Site "?"]
[Date "2014.08.23"]
[Round "8.30"]
[White "Wierzbicki, Jirawat"]
[Black "Schäfer, Heiko"]
[Result "0-1"]
[WhiteElo "1924"]
[BlackElo "2064"]
[PlyCount "56"]
[EventDate "2014.??.??"]
[WhiteTeam "SK König Tegel 1949 e.V."]
[BlackTeam "Potsdamer SV Mitte e.V."]

1. e4 e6 2. d4 d5 3. Nc3 Nf6 4. Bd3 c5 5. Nf3 cxd4 6. Nxd4 e5 7. Nf3 d4 8. Ne2
Bg4 9. Ng3 Bb4+ 10. Bd2 Bxd2+ 11. Qxd2 Bxf3 12. gxf3 Nfd7 13. f4 Nc6 14. fxe5
Ndxe5 15. Be2 Qb6 16. b3 d3 17. cxd3 Nd4 18. Kf1 Rc8 19. Rc1 O-O 20. Kg2 Rce8
21. f4 Ng6 22. Rhf1 f5 23. e5 Qd8 24. Qe3 Qd5+ 25. Kf2 Nxe5 26. fxe5 f4 27. Qe4
fxg3+ 28. Ke1 Qxe4 0-1

[Event "13. Lichtenberger Sommer"]
[Site "?"]
[Date "2014.08.23"]
[Round "8.31"]
[White "Gelemerov, Yane"]
[Black "Raab, Helen"]
[Result "1-0"]
[WhiteElo "2090"]
[BlackElo "1851"]
[PlyCount "79"]
[EventDate "2014.??.??"]
[WhiteTeam "Krakera Pernik"]
[BlackTeam "SC Kreuzberg e.V."]

1. e4 e6 2. d4 d5 3. Nc3 Bb4 4. Bd3 dxe4 5. Bxe4 Nf6 6. Bd3 O-O 7. a3 Bxc3+ 8.
bxc3 Nbd7 9. f4 c5 10. Nf3 Qc7 11. O-O c4 12. Be2 Nd5 13. Qe1 b5 14. Ne5 f6 15.
Nxd7 Bxd7 16. Bf3 Rad8 17. f5 Qb6 18. fxe6 Bxe6 19. Bd2 Rfe8 20. Qh4 Bf7 21.
Be4 Bg6 22. Bxg6 hxg6 23. Rae1 Kf7 24. Qg4 Qd6 25. h3 Rxe1 26. Rxe1 Qxa3 27.
Qe6+ Kf8 28. Qc6 Nxc3 29. Qc7 Ne2+ 30. Rxe2 Qa1+ 31. Re1 Qxd4+ 32. Be3 Qd7 33.
Qc5+ Kf7 34. Ra1 Ra8 35. Ra6 Qd1+ 36. Kh2 Qd7 37. Rd6 Qb7 38. Qd4 Ke8 39. Qg4
Qf7 40. Qe4+ 1-0

[Event "13. Lichtenberger Sommer"]
[Site "?"]
[Date "2014.08.23"]
[Round "8.32"]
[White "Flick, Antoine"]
[Black "George, Tom"]
[Result "1/2-1/2"]
[WhiteElo "2035"]
[BlackElo "1897"]
[PlyCount "114"]
[EventDate "2014.??.??"]
[WhiteTeam "Philidor Mulhouse"]
[BlackTeam "SG Blau-Weiß Stadtilm"]

1. d4 Nf6 2. Nf3 e6 3. c4 b6 4. g3 Bb7 5. Bg2 Bb4+ 6. Nbd2 O-O 7. O-O Be7 8.
Qc2 d5 9. Rd1 Na6 10. a3 c5 11. b3 Rc8 12. dxc5 Nxc5 13. Bb2 Nce4 14. Ne5 Bd6
15. Nxe4 Nxe4 16. Bxe4 dxe4 17. Qc3 f6 18. Ng4 Qe7 19. Ne3 Rfd8 20. Rd2 Bc5 21.
Nc2 e5 22. Rad1 Qc7 23. b4 Rxd2 24. Rxd2 e3 25. Nxe3 Bxe3 26. Qxe3 Qxc4 27. f3
Bc6 28. Kf2 Bb5 29. h4 Qe6 30. g4 h5 31. Qe4 Bc6 32. Qf5 Qxf5 33. gxf5 Be8 34.
Kg3 Kf7 35. e4 Ke7 36. Kf2 Rc4 37. Ke3 Bc6 38. Rg2 Kf7 39. Kd2 Ba4 40. Bc3 Bc6
41. Rg3 Bb5 42. Rg2 Kf8 43. Kc2 Ba4+ 44. Kd2 Bb5 45. Rf2 Bc6 46. Re2 Kf7 47.
Re3 Ke7 48. Rd3 Bd7 49. Kc2 Ba4+ 50. Kb2 Rc7 51. Rd2 Rc4 52. Rd5 Bc6 53. Rd2
Ba4 54. Rd5 Bc6 55. Rd3 Ba4 56. Kc1 Bb5 57. Kc2 Ba4+ 1/2-1/2

[Event "13. Lichtenberger Sommer"]
[Site "?"]
[Date "2014.08.23"]
[Round "8.33"]
[White "Meyer-Dunker, Paul"]
[Black "Heuser, Philip"]
[Result "1/2-1/2"]
[WhiteElo "1912"]
[BlackElo "2095"]
[PlyCount "112"]
[EventDate "2014.??.??"]
[WhiteTeam "SC Friesen Lichtenberg e.V."]
[BlackTeam "Münchener SC 1836 e.V."]

1. e4 c6 2. d3 d5 3. Nd2 e5 4. Ngf3 Bd6 5. c3 Nf6 6. Be2 O-O 7. Qc2 Nbd7 8. Nf1
Re8 9. Ng3 Qc7 10. O-O a5 11. h3 b6 12. Nh4 Ba6 13. Re1 Rad8 14. Bf1 Bf8 15.
Nhf5 Nc5 16. Bg5 dxe4 17. dxe4 Bxf1 18. Rxf1 Ncd7 19. Rad1 h6 20. Bc1 Kh7 21.
Qe2 Nc5 22. Qf3 Rxd1 23. Rxd1 Rd8 24. Rxd8 Qxd8 25. Be3 g6 26. Bxc5 Bxc5 27.
Ne3 Kg7 28. Qd1 Qxd1+ 29. Nxd1 h5 30. h4 Be7 31. Kh2 Bc5 32. f3 Nd7 33. b3 Kf6
34. Ne2 Ke6 35. g3 b5 36. Kg2 Ba7 37. f4 Nf6 38. Kf3 Ng4 39. c4 Nh2+ 40. Kg2
Ng4 41. cxb5 cxb5 42. Nec3 b4 43. Nd5 Bd4 44. Kf3 Nh2+ 45. Kg2 Ng4 46. Kf3 exf4
47. gxf4 f5 48. N1e3 fxe4+ 49. Kxe4 Nxe3 50. Nxe3 Bxe3 51. Kxe3 Kf5 52. Kf3 Kf6
53. Ke3 Ke6 54. Ke4 Kf6 55. Ke3 Ke6 56. Ke4 Kf6 1/2-1/2

[Event "13. Lichtenberger Sommer"]
[Site "?"]
[Date "2014.08.23"]
[Round "8.34"]
[White "Hilbig, Dieter"]
[Black "Guenther, Thomas"]
[Result "1-0"]
[WhiteElo "2020"]
[BlackElo "2089"]
[PlyCount "147"]
[EventDate "2014.??.??"]
[WhiteTeam "ESV Gera"]
[BlackTeam "SV Senat"]

1. e4 c5 2. Nc3 Nc6 3. f4 d6 4. Nf3 g6 5. Bb5 Bg7 6. Bxc6+ bxc6 7. O-O Nf6 8.
d3 O-O 9. Qe1 Nd7 10. f5 Ne5 11. Qh4 e6 12. Qxd8 Rxd8 13. fxe6 Nxf3+ 14. Rxf3
Bxe6 15. Ne2 Rab8 16. c3 d5 17. Ng3 h5 18. Bg5 Rd7 19. Rf2 Rdb7 20. Bf4 Rd8 21.
Be3 h4 22. Nf1 dxe4 23. dxe4 c4 24. Bg5 Rdb8 25. Bf4 Re8 26. Re1 Bf5 27. Rfe2
Bg4 28. Rd2 Rbe7 29. h3 Bf5 30. Rde2 Rxe4 31. Rxe4 Rxe4 32. Rxe4 Bxe4 33. Nd2
Bd3 34. Bg5 Be5 35. Nf3 Bd6 36. Bxh4 Bb1 37. a3 Bf4 38. Bg5 Bxg5 39. Nxg5 Kg7
40. Kf2 Kf6 41. Nf3 c5 42. Ke3 Bf5 43. Nd2 Be6 44. Ne4+ Ke5 45. Nxc5 Bd5 46. g3
f5 47. h4 Bf7 48. Na6 Be6 49. Nb4 Bd7 50. Nc2 Bc6 51. Nd4 Bd5 52. Nf3+ Kf6 53.
Kf4 Bg8 54. Nd4 a6 55. Nc6 Bd5 56. Nb4 Bb7 57. Nc2 Bd5 58. g4 fxg4 59. Kxg4 Ke5
60. Nb4 Bb7 61. Kg5 a5 62. Nc2 Be4 63. Nd4 a4 64. Ne2 Bf5 65. Nf4 Ke4 66. Nxg6
Bxg6 67. Kxg6 Kd3 68. h5 Kc2 69. h6 Kxb2 70. h7 Kxa3 71. h8=Q Kb3 72. Kf5 a3
73. Ke4 a2 74. Qa8 1-0